[Event "Miedzyzdroje OB Seniors 24th"]
[Site "Miedzyzdroje"]
[Date "2016.06.23"]
[Round "7"]
[White "Karamucki, Henryk"]
[Black "Serowy, Reinhold"]
[Result "1/2-1/2"]
[WhiteElo "1329"]
[BlackElo "1544"]
[PlyCount "83"]
[EventDate "2016.06.17"]
[EventType "swiss"]
[EventRounds "9"]
[EventCountry "POL"]
[SourceTitle "EXT 2019"]
[Source "ChessBase"]
[SourceDate "2018.10.10"]
[SourceVersion "1"]
[SourceVersionDate "2018.10.10"]
[SourceQuality "1"]

1. f4 d6 2. Nf3 Bg4 3. e3 Nf6 4. Be2 Nbd7 5. 0-0 c6 6. b3 e6 7. Bb2 d5 8. Nd4 Bxe2 9. Qxe2 Bd6 10. Nf3 0-0 11. Kh1 Re8 12. c4 Qc7 13. cxd5 exd5 14. Qd1 Re7 15. Nd4 Rae8 16. Nf5 Re6 17. Nxd6 Qxd6 18. Na3 b5 19. Nc2 c5 20. Ne1 c4 21. Nf3 h6 22. Ne5 Nh7 23. Nf3 f5 24. Nd4 Re4 25. Nxf5 Qg6 26. Nd4 a6 27. Qf3 Rf8 28. Qg3 Qxg3 29. hxg3 Rf7 30. Ne2 Nhf6 31. Bd4 Ng4 32. Rf3 g6 33. Raf1 Ngf6 34. Nc3 Re8 35. Kg1 Ne4 36. Nb1 Rc8 37. f5 g5 38. f6 cxb3 39. axb3 Rc2 40. Rf5 Nxd2 41. Nxd2 Rxd2 42. Rxd5 1/2-1/2

[Event "Brandenburg-ch Seniors 17th"]
[Site "Rowy"]
[Date "2008.06.28"]
[Round "5"]
[White "Serowy, Reinhold"]
[Black "Kolkwitz, Klaus"]
[Result "0-1"]
[WhiteElo "1392"]
[BlackElo "1686"]
[PlyCount "56"]
[EventDate "2008.06.23"]
[EventType "swiss"]
[EventRounds "9"]
[EventCountry "POL"]
[SourceTitle "EXT 2022"]
[Source "ChessBase"]
[SourceDate "2021.10.06"]
[SourceVersion "1"]
[SourceVersionDate "2021.10.06"]
[SourceQuality "1"]

1. d4 d6 2. Nc3 g6 3. Bg5 c6 4. e4 Bg7 5. Nf3 Nf6 6. Qd2 0-0 7. Bh6 Nbd7 8. Bxg7 Kxg7 9. Bd3 e5 10. Ne2 Re8 11. c3 exd4 12. Qf4 Nc5 13. 0-0-0 Nxd3+ 14. Rxd3 Rxe4 15. Qd2 dxc3 16. Nxc3 d5 17. Nxe4 Nxe4 18. Qe3 Bf5 19. Qd4+ f6 20. Re3 Qa5 21. Ra3 Qc7 22. g3 b6 23. Nh4 Be6 24. f3 c5 25. Qe3 Ng5 26. h3 b5 27. Qe2 c4 28. Kb1 a5 0-1

[Event "Brandenburg Seniors op 15th"]
[Site "Rowy"]
[Date "2006.06.25"]
[Round "6"]
[White "Serowy, Reinhold"]
[Black "Meller, Hans"]
[Result "1/2-1/2"]
[WhiteElo "1369"]
[BlackElo "1460"]
[PlyCount "30"]
[EventDate "2006.06.19"]
[EventType "swiss"]
[EventRounds "9"]
[EventCountry "POL"]
[SourceTitle "EXT 2007"]
[Source "ChessBase"]
[SourceDate "2006.11.23"]
[SourceVersion "1"]
[SourceVersionDate "2006.11.23"]
[SourceQuality "1"]

1. d4 d5 2. Nc3 e6 3. Nf3 Nf6 4. Bg5 Nbd7 5. e4 dxe4 6. Nxe4 Be7 7. Bxf6 Nxf6 8. Bd3 0-0 9. Ne5 h6 10. 0-0 Kh8 11. c3 c6 12. Bc2 Qc7 13. Qd3 Nd5 14. Nc5 Nf6 15. Ne4 Nd5 1/2-1/2

[Event "Brandenburg Seniors op 15th"]
[Site "Rowy"]
[Date "2006.06.23"]
[Round "4"]
[White "Serowy, Reinhold"]
[Black "Assmann, Hans"]
[Result "1/2-1/2"]
[WhiteElo "1369"]
[BlackElo "1567"]
[PlyCount "65"]
[EventDate "2006.06.19"]
[EventType "swiss"]
[EventRounds "9"]
[EventCountry "POL"]
[SourceTitle "EXT 2007"]
[Source "ChessBase"]
[SourceDate "2006.11.23"]
[SourceVersion "1"]
[SourceVersionDate "2006.11.23"]
[SourceQuality "1"]

1. d4 Nf6 2. Nc3 c6 3. Bg5 d5 4. e3 Nbd7 5. Bd3 h6 6. Bh4 e5 7. dxe5 Nxe5 8. a3 Bd6 9. h3 Be6 10. Nf3 g5 11. Bg3 Nxd3+ 12. cxd3 Bxg3 13. fxg3 Qd6 14. Ne2 0-0-0 15. Qa4 Kb8 16. Qb4 c5 17. Qd2 Nh5 18. Kf2 f5 19. d4 c4 20. Ne5 Nf6 21. Nc3 Rhg8 22. Qe2 Ne4+ 23. Nxe4 fxe4 24. Rhf1 Rc8 25. Kg1 Rc7 26. Rf6 Rcg7 27. Rc1 h5 28. Rc3 Qe7 29. Qf2 Re8 30. b4 Bd7 31. Ng6 Qd8 32. Ne5 Ba4 33. Qf5 1/2-1/2

[Event "Brandenburg Seniors op 14th"]
[Site "Rowy"]
[Date "2005.06.20"]
[Round "1"]
[White "Serowy, Reinhold"]
[Black "Soltau, Achim"]
[Result "1/2-1/2"]
[WhiteElo "1327"]
[BlackElo "1888"]
[PlyCount "84"]
[EventDate "2005.06.20"]
[EventType "swiss"]
[EventRounds "9"]
[EventCountry "POL"]
[SourceTitle "EXT 2007"]
[Source "ChessBase"]
[SourceDate "2006.11.23"]
[SourceVersion "1"]
[SourceVersionDate "2006.11.23"]
[SourceQuality "1"]

1. d4 Nf6 2. Nc3 d5 3. Bg5 Nbd7 4. f3 h6 5. Bh4 c6 6. e4 g5 7. Bf2 Qa5 8. e5 Nh5 9. g3 e6 10. f4 Ng7 11. Bd3 c5 12. Qd2 cxd4 13. Bxd4 Bc5 14. Nge2 Be7 15. Rf1 Nc5 16. Bxc5 Qxc5 17. Nd4 Bd7 18. Nb3 Qb6 19. g4 0-0-0 20. f5 Bb4 21. f6 Ne8 22. Qf2 Bxc3+ 23. bxc3 Qc6 24. Qc5 Nc7 25. Qxc6 Bxc6 26. Nd4 Bd7 27. a4 a6 28. Kd2 Kb8 29. Rfb1 h5 30. h3 hxg4 31. hxg4 Rh2+ 32. Be2 Rdh8 33. Rb6 Na8 34. Rb2 Kc7 35. Rab1 b6 36. Kd1 Rh1+ 37. Kd2 Rxb1 38. Rxb1 Kb7 39. a5 b5 40. Rb4 Nc7 41. Bd3 Be8 42. Be2 Bd7 1/2-1/2

[Event "Brandenburg-ch Seniors 12th"]
[Site "Lindow/Mark"]
[Date "2004.09.21"]
[Round "4"]
[White "Junge, Karl Heinz"]
[Black "Serowy, Reinhold"]
[Result "1-0"]
[WhiteElo "1582"]
[BlackElo "1314"]
[PlyCount "143"]
[EventDate "2004.09.18"]
[EventType "swiss"]
[EventRounds "9"]
[EventCountry "GER"]
[SourceTitle "EXT 2006"]
[Source "ChessBase"]
[SourceDate "2005.11.24"]
[SourceVersion "1"]
[SourceVersionDate "2005.11.24"]
[SourceQuality "1"]

1. f4 d6 2. Nf3 Nf6 3. e3 c6 4. Be2 Bg4 5. 0-0 Nbd7 6. Nc3 Qb6 7. b3 a6 8. Bb2 Nh5 9. Ng5 Bxe2 10. Qxe2 Ndf6 11. Nge4 d5 12. Nxf6+ Nxf6 13. Na4 Qa7 14. Bd4 Qb8 15. Nb6 Ra7 16. b4 e6 17. c3 Be7 18. d3 Bd8 19. e4 Bxb6 20. Bxb6 Ra8 21. Bd4 0-0 22. Be5 Qd8 23. Rad1 Re8 24. Qf3 Rc8 25. Qg3 h6 26. h4 h5 27. Qg5 Kf8 28. Kh1 Re7 29. Bxf6 gxf6 30. Qxf6 Ke8 31. Qh8+ Kd7 32. Qe5 Qh8 33. Qxh8 Rxh8 34. g3 Rg8 35. Kh2 f6 36. Rde1 Rc8 37. c4 b6 38. e5 f5 39. Rc1 d4 40. Rf2 c5 41. Rb2 Kc7 42. bxc5 bxc5 43. Rcb1 Kd8 44. Rb6 Ra8 45. Rd6+ Ke8 46. Rbb6 a5 47. Rdc6 Kf7 48. Rxc5 a4 49. Rcc6 a3 50. Kg2 Raa7 51. Kf3 Rab7 52. Rxe6 Rxb6 53. Rxb6 Ra7 54. Rh6 Ra4 55. Rb6 Ke7 56. g4 hxg4+ 57. Kg3 Ra8 58. h5 Rh8 59. Kh4 g3 60. Kxg3 Rxh5 61. Rb3 Rh6 62. Rxa3 Rg6+ 63. Kf3 Rh6 64. Ra7+ Kd8 65. Ra5 Rh1 66. Rd5+ Kc7 67. Rxd4 Ra1 68. Rd5 Rxa2 69. e6 Ra8 70. Rxf5 Re8 71. Re5 Re7 72. Ke4 1-0

[Event "Brandenburg-ch Seniors 12th"]
[Site "Lindow/Mark"]
[Date "2004.09.20"]
[Round "3"]
[White "Serowy, Reinhold"]
[Black "Schmidt, Roland"]
[Result "1/2-1/2"]
[WhiteElo "1314"]
[BlackElo "1613"]
[PlyCount "29"]
[EventDate "2004.09.18"]
[EventType "swiss"]
[EventRounds "9"]
[EventCountry "GER"]
[SourceTitle "EXT 2006"]
[Source "ChessBase"]
[SourceDate "2005.11.24"]
[SourceVersion "1"]
[SourceVersionDate "2005.11.24"]
[SourceQuality "1"]

1. d4 d5 2. Nc3 e6 3. Nf3 f5 4. Bg5 Nf6 5. h3 Be7 6. a3 0-0 7. Ne5 Nbd7 8. Qd2 Ne4 9. Bxe7 Qxe7 10. Nxe4 fxe4 11. Nxd7 Bxd7 12. e3 Qg5 13. h4 Qf6 14. g4 Qf3 15. Rg1 1/2-1/2

[Event "Brandenburg Seniors op 13th"]
[Site "Rowy"]
[Date "2004.06.30"]
[Round "9"]
[White "Serowy, Reinhold"]
[Black "Buchholz, Karl Heinz"]
[Result "0-1"]
[WhiteElo "1329"]
[BlackElo "1837"]
[PlyCount "68"]
[EventDate "2004.06.21"]
[EventType "swiss"]
[EventRounds "9"]
[EventCountry "POL"]
[SourceTitle "EXT 2006"]
[Source "ChessBase"]
[SourceDate "2005.11.24"]
[SourceVersion "1"]
[SourceVersionDate "2005.11.24"]
[SourceQuality "1"]

1. d4 Nf6 2. Nc3 d5 3. Bg5 Nbd7 4. Nf3 h6 5. Bh4 g5 6. Bg3 Bg7 7. e3 c6 8. Bd3 Nh5 9. a3 Nxg3 10. fxg3 0-0 11. 0-0 e5 12. dxe5 Nxe5 13. Nxe5 Bxe5 14. Qd2 Qe7 15. Bf5 f6 16. Bxc8 Raxc8 17. Rf5 Kg7 18. Re1 Rce8 19. b4 d4 20. Nd1 dxe3 21. Nxe3 Rd8 22. Qe2 Bd4 23. h3 Qd7 24. Kh1 Bxe3 25. Qxe3 Qxf5 26. Qe7+ Kh8 27. Qxb7 Qd7 28. Qa6 Rfe8 29. Rxe8+ Rxe8 30. Qf1 Kg7 31. h4 Qg4 32. Qa6 Qxg3 33. Qxa7+ Kg8 34. Qg1 Qxh4+ 0-1

[Event "Brandenburg-ch Seniors 11th"]
[Site "Lindow"]
[Date "2003.09.27"]
[Round "7"]
[White "Serowy, Reinhold"]
[Black "Schmidt, Roland"]
[Result "1/2-1/2"]
[WhiteElo "1287"]
[BlackElo "1625"]
[PlyCount "99"]
[EventDate "2003.09.??"]
[EventType "swiss"]
[EventRounds "7"]
[EventCountry "GER"]
[SourceTitle "EXT 2006"]
[Source "ChessBase"]
[SourceDate "2005.11.24"]
[SourceVersion "1"]
[SourceVersionDate "2005.11.24"]
[SourceQuality "1"]

1. b4 e6 2. a3 f5 3. Bb2 Nf6 4. Nf3 Be7 5. e3 0-0 6. Bc4 d5 7. Bb3 c6 8. c4 b6 9. d3 h6 10. Nbd2 Bd6 11. Qe2 Qe7 12. Rc1 Bb7 13. Ne5 Nbd7 14. Ng6 Qd8 15. Nxf8 Qxf8 16. Bxf6 Qxf6 17. d4 Ba6 18. Rc2 f4 19. 0-0 Rf8 20. Nf3 g5 21. h3 Kh8 22. Nh2 Qg6 23. Ba2 fxe3 24. fxe3 Rxf1+ 25. Nxf1 Kg7 26. Rc1 Qf7 27. Qf2 Bc7 28. Qxf7+ Kxf7 29. Nd2 Nf6 30. Rb1 b5 31. c5 Bb7 32. Rf1 Kg7 33. Bb1 Nh5 34. e4 Ng3 35. Rf2 Bf4 36. Nf1 Nxe4 37. Bxe4 dxe4 38. Re2 Bc8 39. Rxe4 Bc1 40. Re1 Bb2 41. Rd1 a6 42. Rd3 Bd7 43. Nd2 Be8 44. Nf3 Bg6 45. Re3 Kf6 46. Re2 Bc3 47. Kh2 h5 48. Re3 Bb2 49. Re2 Bc3 50. Re3 1/2-1/2

[Event "Brandenburg-ch Seniors 11th"]
[Site "Lindow"]
[Date "2003.09.22"]
[Round "3"]
[White "Serowy, Reinhold"]
[Black "Biehler, Peter"]
[Result "1/2-1/2"]
[WhiteElo "1287"]
[BlackElo "1620"]
[PlyCount "69"]
[EventDate "2003.09.??"]
[EventType "swiss"]
[EventRounds "7"]
[EventCountry "GER"]
[SourceTitle "EXT 2006"]
[Source "ChessBase"]
[SourceDate "2005.11.24"]
[SourceVersion "1"]
[SourceVersionDate "2005.11.24"]
[SourceQuality "1"]

1. b4 d5 2. Bb2 Nf6 3. e3 g6 4. Nf3 Bg7 5. Nc3 c6 6. Be2 Nbd7 7. a3 0-0 8. 0-0 e5 9. Re1 Ne8 10. d3 Nd6 11. Rb1 Re8 12. Bf1 Nf8 13. Ne2 Bg4 14. Nd2 Nd7 15. Qc1 b5 16. g3 Rc8 17. Bg2 Be6 18. Ra1 Nb6 19. f4 f6 20. Rf1 Na4 21. Rb1 Nxb2 22. Rxb2 Bg4 23. Nc3 exf4 24. exf4 Be6 25. Rb1 Qd7 26. Nb3 Nb7 27. Qd2 f5 28. Rbe1 Re7 29. Re2 d4 30. Nd1 Rce8 31. Rfe1 Bf6 32. Bf3 h5 33. h4 Qd6 34. Kh2 Nd8 35. Nc5 1/2-1/2

[Event "Brandenburg Seniors op 12th"]
[Site "Rowy"]
[Date "2003.06.17"]
[Round "1"]
[White "Serowy, Reinhold"]
[Black "Sube, Guenter"]
[Result "0-1"]
[WhiteElo "1236"]
[BlackElo "1701"]
[PlyCount "86"]
[EventDate "2003.06.??"]
[EventType "swiss"]
[EventRounds "9"]
[EventCountry "POL"]
[SourceTitle "EXT 2006"]
[Source "ChessBase"]
[SourceDate "2005.11.24"]
[SourceVersion "1"]
[SourceVersionDate "2005.11.24"]
[SourceQuality "1"]

1. b4 d5 2. Bb2 Nf6 3. a3 Bf5 4. e3 Nbd7 5. Nf3 h6 6. c4 e6 7. Be2 Be7 8. Nc3 dxc4 9. Bxc4 Nb6 10. Be2 0-0 11. 0-0 Nfd7 12. d4 Nd5 13. Re1 Bf6 14. Qb3 c6 15. a4 N7b6 16. a5 Nxc3 17. Bxc3 Nd5 18. Bb2 a6 19. Rac1 Re8 20. Bc4 Be4 21. Nd2 Bh7 22. e4 Nc7 23. e5 Be7 24. Bd3 Bxd3 25. Qxd3 Bxb4 26. Bc3 Bxc3 27. Rxc3 Nb5 28. Rc4 Qxa5 29. h3 Rad8 30. Re4 Rd5 31. Rh4 Red8 32. Ne4 Qa1+ 33. Kh2 Kf8 34. Nf6 Rxd4 35. Nh7+ Ke7 36. Rcxd4 Rxd4 37. Rxd4 Qxd4 38. Qg3 g5 39. Nxg5 hxg5 40. Qxg5+ Kd7 41. Qf6 Kc7 42. Qxf7+ Qd7 43. Qxd7+ Kxd7 0-1